Работоспособность композиционных строительных материалов в условиях воздействия различных эксплуатационных факторов

Detalles Bibliográficos
Autor Corporativo: Казанский инженерно-строительный институт (КИСИ)
Otros Autores: Рахимов Р. З. (редактор)
Lenguaje:ruso
Publicado: Казань, Изд-во КИСИ, 1985
Materias:
Formato: Libro
KOHA link:https://koha.lib.tpu.ru/cgi-bin/koha/opac-detail.pl?biblionumber=274505

MARC

LEADER 00000nam0a2200000 4500
001 274505
005 20231101234732.0
020 |a RU  |b 82-50721 
035 |a (RuTPU)RU\TPU\book\297715 
090 |a 274505 
100 |a 20141106d1985 k y0rusy5003 ca 
101 0 |a rus 
102 |a RU 
105 |a a z 000zy 
200 1 |a Работоспособность композиционных строительных материалов в условиях воздействия различных эксплуатационных факторов  |f Казанский инженерно-строительный институт (КИСИ) ; под ред. Р. З. Рахимова 
210 |a Казань  |c Изд-во КИСИ  |d 1985 
215 |a 73 с.  |c ил. 
606 1 |a Строительные материалы  |x Долговечность  |2 stltpush  |3 (RuTPU)RU\TPU\subj\57455  |9 75315 
610 1 |a работоспособность 
610 1 |a композиционные материалы 
610 1 |a эксплуатационные факторы 
610 1 |a воздействие 
675 |a 691:620.16  |z rus  |v 3 
702 1 |a Рахимов  |b Р. З.  |4 340 
712 0 2 |a Казанский инженерно-строительный институт (КИСИ)  |c (1957-1995)  |2 stltpush  |3 (RuTPU)RU\TPU\col\14863 
801 0 |a RU  |b RuMRKP  |c 19950704  |g psbo 
801 1 |a RU  |b 63413507  |c 20141106 
801 2 |a RU  |b 63413507  |c 20170120  |g RCR 
942 |c BK